000 00216nam a2200085Ia 4500
008 120527s9999 xx 000 0 und d
100 _aNUC
245 _aConvocation spechees of nigerian Universities 5th ed
942 _cBK
999 _c20449
_d20449